Forma de Países Unidos #3 - Estadísticas

Estadísticas generales
  • Esta prueba ha sido intentada 2.187 veces
  • La puntuación promedio es 23 de 32
Estadísticas de respuestas
País % Correcto
India
99%
México
98%
Chile
97%
Reino Unido
97%
Irlanda
96%
Bolivia
93%
Egipto
93%
Guatemala
92%
Bangladés
91%
Libia
91%
Omán
82%
Yemen
82%
Kazajistán
80%
Ucrania
78%
Uzbekistán
75%
Afganistán
73%
Irán
73%
Moldavia
72%
Hungría
63%
Rumania
62%
República del Congo
60%
Azerbaiyán
58%
Georgia
57%
Guinea
55%
Costa de Marfil
54%
Gabón
54%
Botsuana
51%
Zimbabue
50%
Uganda
46%
Guyana
45%
Surinam
45%
Ruanda
44%
No se encontraron pruebas coincidentes
Distribución de puntuación
Porcentaje de gente con cada puntuación
Porcentaje por número respondido
Historial de tus puntuaciones
No has intentado esta prueba.